The Association of Ccommonwealth Universities RG2 (Record no. 84420)
[ view plain ]
| 000 -LEADER | |
|---|---|
| fixed length control field | 01137nam a2200229 a 4500 |
| 008 - FIXED-LENGTH DATA ELEMENTS--GENERAL INFORMATION | |
| fixed length control field | 121023s2012 ||||||||||||||||| || u |
| 050 ## - LIBRARY OF CONGRESS CALL NUMBER | |
| Classification number | ACU(05)RG2/2012/4 |
| 110 ## - MAIN ENTRY--CORPORATE NAME | |
| Corporate name or jurisdiction name as entry element | Association of Commonwealth Universities [ACU] |
| 245 14 - TITLE STATEMENT | |
| Title | The Association of Ccommonwealth Universities RG2 |
| Statement of responsibility, etc. | by The Association of Commonwealth Universities [ACU] |
| 246 ## - | |
| -- | The ACU Research Global |
| 260 ## - PUBLICATION, DISTRIBUTION, ETC. | |
| Place of publication, distribution, etc. | London: |
| Name of publisher, distributor, etc. | Association of Commonwealth Universities (ACU) |
| Date of publication, distribution, etc. | 2012 |
| 300 ## - PHYSICAL DESCRIPTION | |
| Extent | various pagings: ill. |
| 362 1# - | |
| -- | <p>RG2 August 2012 Issue No. 4; Man, Machines, Means |
| 490 ## - | |
| -- | Research global |
| 490 ## - | |
| -- | No. 4 |
| 650 ## - SUBJECT ADDED ENTRY--TOPICAL TERM | |
| Topical term or geographic name entry element | RESEARCH DATA MANAGEMENT |
| 650 ## - SUBJECT ADDED ENTRY--TOPICAL TERM | |
| Topical term or geographic name entry element | MACHINE AND MAN |
| 650 ## - SUBJECT ADDED ENTRY--TOPICAL TERM | |
| Topical term or geographic name entry element | AUTOMATION |
| 995 ## - | |
| -- | SPECIAL COLLECTIONS |
| -- | 467 |
| -- | CBU-MAIN LIBRARY (Kitwe) |
| -- | ACU(05)RG2/2012/4A |
| -- | 1 |
| -- | AVAILABLE |
| -- | Jan 22, 2013 |
| -- | B467 |
| -- | University Collection |
| 995 ## - | |
| -- | SPECIAL COLLECTIONS |
| -- | 468 |
| -- | CBU-MAIN LIBRARY (Kitwe) |
| -- | ACU(05)RG2/2012/4B |
| -- | 2 |
| -- | AVAILABLE |
| -- | Jan 22, 2013 |
| -- | B468 |
| -- | University Collection |
| 995 ## - | |
| -- | SPECIAL COLLECTIONS |
| -- | 469 |
| -- | CBU-MAIN LIBRARY (Kitwe) |
| -- | ACU(05)RG2/2012/4C |
| -- | 3 |
| -- | AVAILABLE |
| -- | Jan 22, 2013 |
| -- | B469 |
| -- | University Collection |
| 999 ## - | |
| -- | 84420 |
| -- | 84420 |
| Withdrawn status | Lost status | Source of classification or shelving scheme | Damaged status | Not for loan | Permanent Location | Current Location | Shelving location | Date acquired | Total Checkouts | Full call number | Barcode | Date last seen | Copy number | Price effective from | Koha item type |
|---|---|---|---|---|---|---|---|---|---|---|---|---|---|---|---|
| CBU-MAIN LIBRARY, KITWE. | CBU-MAIN LIBRARY, KITWE. | 01/25/2024 | ACU(05)RG2/2012/4 | B467 | B468 | 01/25/2024 | 1 | 01/25/2024 | SPECIAL COLLECTION | |||||||
| CBU-MAIN LIBRARY, KITWE. | CBU-MAIN LIBRARY, KITWE. | 01/25/2024 | ACU(05)RG2/2012/4 | B467 | B469 | 01/25/2024 | 2 | 01/25/2024 | SPECIAL COLLECTION |